Koncepcia ďalšieho rozvoja kapitálového trhu v Slovenskej republike Ministerstvo financií Slovenskej republiky
Koncepcia spracovaná MF SR a schválená vládou SR 9.8.1994. Riešenie vzájomných vzťahov medzi organizátormi trhu a neorganizovaným trhom, prístupom k informáciám a ich ochranou, ako aj formovaním organizácie štátneho dozoru nad kapitálovým trhom.
Guardado en:
| Formato: | Capítulo de libro |
|---|---|
| Lenguaje: | eslovaco |
| Materias: | |
| Etiquetas: |
Sin Etiquetas, Sea el primero en etiquetar este registro!
|
MARC
| LEADER | 00000naa a2200000 4500 | ||
|---|---|---|---|
| 001 | r016157 | ||
| 005 | 20221213114520.3 | ||
| 041 | 0 | |a slo | |
| 044 | |a SK | ||
| 245 | 1 | 0 | |a Koncepcia ďalšieho rozvoja kapitálového trhu v Slovenskej republike |b Ministerstvo financií Slovenskej republiky |
| 520 | |a Koncepcia spracovaná MF SR a schválená vládou SR 9.8.1994. Riešenie vzájomných vzťahov medzi organizátormi trhu a neorganizovaným trhom, prístupom k informáciám a ich ochranou, ako aj formovaním organizácie štátneho dozoru nad kapitálovým trhom. | ||
| 610 | 2 | 0 | |a trh kapitálový |
| 610 | 2 | 0 | |a koncepcie |
| 610 | 2 | 0 | |a 1994 |
| 610 | 2 | 0 | |a Slovensko |
| 610 | 2 | 0 | |a informácie |
| 610 | 2 | 0 | |a dozor štátny |
| 610 | 2 | 0 | |a dokumenty vládne |